5HLuxD.jpg

KING HENRY VIII SENIOR AND PRIMARY SCHOOL LIBRARY OPAC

Cambridge International AS and A Level Biology : (Record no. 3821)

000 -LEADER
fixed length control field 01111nam a22002777a 4500
003 - CONTROL NUMBER IDENTIFIER
control field OSt
005 - DATE AND TIME OF LATEST TRANSACTION
control field 20241101091425.0
008 - FIXED-LENGTH DATA ELEMENTS--GENERAL INFORMATION
fixed length control field 241101b ||||| |||| 00| 0 eng d
020 ## - INTERNATIONAL STANDARD BOOK NUMBER
International Standard Book Number 9781107636880
040 ## - CATALOGING SOURCE
Transcribing agency KH8
082 ## - DEWEY DECIMAL CLASSIFICATION NUMBER
Classification number 570 BRA
100 ## - MAIN ENTRY--PERSONAL NAME
Personal name Bradfield, Phil,
Relator term author.
245 ## - TITLE STATEMENT
Title Cambridge International AS and A Level Biology :
Remainder of title Teacher's Resource /
Statement of responsibility, etc. Phil Bradfield, Mary Jones, Richard Fosbery, Jennifer Gregory, Dennis Taylor and John Adds.
260 ## - PUBLICATION, DISTRIBUTION, ETC.
Place of publication, distribution, etc. Cambridge ;
Name of publisher, distributor, etc. Cambridge University Press ,
Date of publication, distribution, etc. 2014.
300 ## - PHYSICAL DESCRIPTION
Extent 1 CD-ROM : colour
520 ## - SUMMARY, ETC.
Summary, etc. Fully revised and updated content matching the new Cambridge International Examinations Biology 9700 syllabus for first teaching in 2014 and first examination in 2016.
650 ## - SUBJECT ADDED ENTRY--TOPICAL TERM
Topical term or geographic name entry element A-level examinations
650 ## - SUBJECT ADDED ENTRY--TOPICAL TERM
Topical term or geographic name entry element Advanced supplementary examinations
650 ## - SUBJECT ADDED ENTRY--TOPICAL TERM
Topical term or geographic name entry element Biology Study and teaching (Secondary)
700 ## - ADDED ENTRY--PERSONAL NAME
Personal name Jones, Mary,
Relator term author.
700 ## - ADDED ENTRY--PERSONAL NAME
Personal name Fosbery, Richard,
Relator term author.
700 ## - ADDED ENTRY--PERSONAL NAME
Personal name Gregory, Jennifer,
Relator term author.
700 ## - ADDED ENTRY--PERSONAL NAME
Personal name Taylor, Dennis,
Relator term author.
700 ## - ADDED ENTRY--PERSONAL NAME
Personal name Adds, John,
Relator term author.
942 ## - ADDED ENTRY ELEMENTS (KOHA)
Source of classification or shelving scheme
Koha item type Multimedia Resources
Holdings
Withdrawn status Lost status Source of classification or shelving scheme Damaged status Not for loan Collection code Permanent Location Current Location Shelving location Date acquired Full call number Barcode Date last seen Price effective from Koha item type
          Teaching Resources KH8 Senior School Library KH8 Senior School Library Staff Office 2024-11-01 570 BRA TRKHSL006123CD 2024-11-01 2024-11-01 Multimedia Resources

Powered By KH8 IT Dept